Rizika škod způsobených bleskem a přepětím

Vstup Českej republiky do Európskej únii. Prestavba systému medzinárodných noriem v oblasti ochrany pred bleskom a nadmerným napätím. Štandardy IEC. Ochrana pred bleskom. Nová reštrukturalizácia. IEC 62305. Ochrana pred bleskom. Riadené riziko v oblasti ochrany pred bleskom. Riadené riziko - princíp...

Full description

Saved in:
Bibliographic Details
Main Author: Rous, Zdeněk
Other Authors: Kutáč, Jiří
Format: Book Chapter
Language:Czech
Subjects:
Tags: Add Tag
No Tags, Be the first to tag this record!

MARC

LEADER 00000naa$a2200000$$$4500
001 0013700
005 20230927101309.4
041 0 |a cze 
044 |a CZ 
245 1 0 |a Rizika škod způsobených bleskem a přepětím  |c aut. Zdeněk Rous, Jiří Kutáč 
520 |a Vstup Českej republiky do Európskej únii. Prestavba systému medzinárodných noriem v oblasti ochrany pred bleskom a nadmerným napätím. Štandardy IEC. Ochrana pred bleskom. Nová reštrukturalizácia. IEC 62305. Ochrana pred bleskom. Riadené riziko v oblasti ochrany pred bleskom. Riadené riziko - princíp. Atribúty nového postupu. Európske a české normy. ČSN 34 1390. Hierarchia noriem z oblasti ochrany pred bleskom po vstupe do EÚ. Nové normy a poisťovníctvo. 
610 2 0 |a poisťovníctvo 
610 2 0 |a škody 
610 2 0 |a riziko 
610 2 0 |a riziko poistné 
610 2 0 |a normy 
610 2 0 |a normy medzinárodné 
610 2 0 |a štandardy 
610 2 0 |a Európska únia 
610 2 0 |a Česko 
100 1 |a Rous, Zdeněk 
700 1 |a Kutáč, Jiří